• AIU
  • Tony Wilmot Memorial Library

Grammatical and lexical variance in English / (Record no. 37221)

MARC details
000 -LEADER
fixed length control field 01078nam a22003011a 4500
001 - CONTROL NUMBER
control field 4908679
005 - DATE AND TIME OF LATEST TRANSACTION
control field 20110718132427.0
008 - FIXED-LENGTH DATA ELEMENTS--GENERAL INFORMATION
fixed length control field 941123s1995 enka b 000 0 eng
010 ## - LIBRARY OF CONGRESS CONTROL NUMBER
LC control number 94046562
020 ## - INTERNATIONAL STANDARD BOOK NUMBER
International Standard Book Number 0582253594
020 ## - INTERNATIONAL STANDARD BOOK NUMBER
International Standard Book Number 0582253594
035 ## - SYSTEM CONTROL NUMBER
-- (DLC) 94046562
040 ## - CATALOGING SOURCE
Original cataloging agency DLC
Transcribing agency DLC
Modifying agency DLC
050 00 - LIBRARY OF CONGRESS CALL NUMBER
Classification number PE 1074.7 .Q57 1995
Item number PE 1074.7 .Q57 1995
082 00 - DEWEY DECIMAL CLASSIFICATION NUMBER
Classification number 427
Edition number 20
100 1# - MAIN ENTRY--PERSONAL NAME
Personal name Quirk, Randolph.
245 10 - TITLE STATEMENT
Title Grammatical and lexical variance in English /
Statement of responsibility, etc Randolph Quirk.
Medium [Text]
260 ## - PUBLICATION, DISTRIBUTION, ETC. (IMPRINT)
Place of publication, distribution, etc London
-- London
Name of publisher, distributor, etc Longman
Date of publication, distribution, etc 1995
300 ## - PHYSICAL DESCRIPTION
Extent x, 220 p. :
Other physical details ill. ;
Dimensions 23 cm.
504 ## - BIBLIOGRAPHY, ETC. NOTE
Bibliography, etc Includes bibliographical references (p. 213-220).
650 #0 - SUBJECT ADDED ENTRY--TOPICAL TERM
Topical term or geographic name as entry element English language
General subdivision Grammar.
650 #0 - SUBJECT ADDED ENTRY--TOPICAL TERM
Topical term or geographic name as entry element Lexicology.
650 #0 - SUBJECT ADDED ENTRY--TOPICAL TERM
Topical term or geographic name as entry element English language
General subdivision Variation.
906 ## - LOCAL DATA ELEMENT F, LDF (RLIN)
a 7
b cbc
c orignew
d 1
e ocip
f 19
g y-gencatlg
920 ## -
-- **LC HAS REQ'D # OF SHELF COPIES**
991 ## -
-- c-GenColl
-- PE1074.7
-- .Q57 1995
-- 00016258428
-- Copy 1
-- BOOKS
Holdings
Withdrawn status Lost status Source of classification or shelving scheme Damaged status Not for loan Collection code Home library Current library Shelving location Date acquired Source of acquisition Cost, normal purchase price Total Checkouts Full call number Barcode Date last seen Copy number Price effective from Koha item type
    Library of Congress Classification     General Circulation AIU/NEGST - Tony Wilmot Memorial Library AIU/NEGST - Tony Wilmot Memorial Library General Stacks 02/16/2010 D - Wycliffe Associates 27.00   PE 1074.7 .Q57 1995 R59910L3232 09/26/2019 1 02/16/2010 Books